00648nam a2200229 a 4500001001300000003000900013005001700022008004100039020001000080082001500090100002600105245002100131260003500152300000900187500003500196650001600231700002600247902000800273942000700281952011500288999001500403nice12345678IN_TiNIC20260116011400.0070620s1291 rusa grp 000 0 per  ac10000a297.4bSAA aSaadi, Sk Muslahuddin aGulistan-E-saadi aRussiabMatba Electronicc1291 a227p aincludes index and biblioraphy aSufism-Sadi1 aSaadi, Sk Muslahuddin bSRS cBK 001040708StackRoom-aHMIbHMId2008-03-12g100.00l0o297.4 SAAp04513r2008-03-12v100.00w2007-06-20yBK c1040d1040